| 000 | 01219nam a22003971i 4500 | ||
|---|---|---|---|
| 001 | 01198459 | ||
| 003 | DO-SdBNP | ||
| 005 | 20180216145705.0 | ||
| 007 | 01198459 | ||
| 008 | 930725s1986 sp a spa | ||
| 016 | 7 |
_a _z _2BPMSU |
|
| 017 |
_a _b |
||
| 020 | _a843480901X | ||
| 035 | _a | ||
| 040 |
_aBPMSU _bspa _cBPMSU |
||
| 041 | 1 |
_aspa _h |
|
| 080 | 0 | _a | |
| 082 |
_a843.91 _bM775f 1986 |
||
| 100 | 1 |
_aMonteilhet, Hubert _d1928- |
|
| 240 | 1 | 3 |
_aUn métier de fantôme _lEspañol |
| 245 | 1 | 0 |
_aDe profesión, fantasma / _cH. Monteilhet ;traducción Manuel Ambrosy ; ilustraciones J. M. Barthélemy _h |
| 250 | _a6a. ed. | ||
| 260 |
_aMadrid : _bS.M, _c1986 |
||
| 300 |
_a196 p.: _bil.; _c22 cm |
||
| 490 | 1 |
_aEl barco de vapor _v17 |
|
| 500 | _aA partir de 9 años | ||
| 586 | _aPremio Nacional a la mejor labor editorial en literatura infantil y juvenil 1982 | ||
| 650 | _aCUENTOS INFANTILES FRANCESES | ||
| 650 | _aLITERATURA INFANTIL FRANCESA | ||
| 700 | 1 | 2 |
_aAmbrosy, Manuel, _etr. |
| 700 | 1 | 2 |
_aBarthélemy, J. M., _eil. |
| 830 | 0 |
_aEl barco de vapor _v17 |
|
| 942 |
_2ddc _cBK |
||
| 945 | _aInventariado, 2018 /LP | ||
| 956 |
_aVMATEO _210 _320160408 _6BPMSU _80069 |
||
| 999 |
_c12071 _d12071 |
||